| 000 | 01987nam a2200409 i 4500 | ||
|---|---|---|---|
| 001 | 56115 | ||
| 003 | ES-MaACL | ||
| 005 | 20251013181331.0 | ||
| 008 | 211221s2017 sp a 001 0dspa | ||
| 020 | _a978-84-7075-649-8 | ||
| 020 | _a978-84-8043-324-2 | ||
| 080 | _a7 Morris, William (083.824) | ||
| 080 | _a7.035.92(410)(083.824) | ||
| 245 | 0 | 0 |
_aWilliam Morris y compañía : _bel movimiento Arts and Crafts en Gran Bretaña / _cManuel Fontán del Junco y María Zozaya Álvarez (eds.) ; con textos de Pat Kirkham, Clive Wilmer, Karen Livingstone ... [et al.]. |
| 260 |
_aMadrid : _bFundación Juan March ; _aBarcelona : _bMuseu Nacional d'Art de Catalunya, _c[2017] |
||
| 300 |
_a494, [5] p. : _bil. col. y n., fot. ; _c30 cm. |
||
| 500 | _aÍndices. | ||
| 504 | _aBibliografía: p. 482-494. | ||
| 505 | 8 | _aContiene: Ruskin, Morris y el movimiento Arts and Crafts: una antología de textos (1849-1935) . Biografías: de Augustus W.N. Pugin a Ambrose Heal | |
| 585 | _aExposición: Fundación Juan March, Madrid, 6 de octubre de 2017-21 de enero de 2018; Museu Nacional d'Art de Catalunya, Barcelona, 22 de febrero-21 de mayo de 2018. | ||
| 600 | 1 | 4 |
_aMorris, William ( _d1834-1896)- _vExposiciones. _9173893 |
| 650 | 4 |
_aArts and crafts. _9173894 |
|
| 650 | 4 |
_aArte modernista- _zGran Bretaña. _9173895 |
|
| 655 | 7 |
_aCatálogos de exposiciones _2tgfbne _9193628 |
|
| 700 | 1 |
_aMorris, William ( _d1834-1896) _983682 |
|
| 700 | 0 |
_aRuskin, John, _d1819-1900 _9101026 |
|
| 700 | 1 |
_aFontán del Junco, Manuel, _d1963- _9226485 |
|
| 700 | 1 |
_aZozaya Álvarez, María. _9144199 |
|
| 700 | 1 |
_aKirkham, Pat. _9173896 |
|
| 700 | 1 |
_aWilmer, Clive, _d1945- _9173897 |
|
| 700 | 1 |
_aLivingstone, Karen. _9173898 |
|
| 710 | 2 |
_aFundación Juan March _94346 |
|
| 710 | 2 |
_aMuseu Nacional d'Art de Catalunya. _95944 |
|
| 852 | 4 |
_aES-MaACL _jA-14804 _z Encuadernación en cartoné _9 58270 _bR.152109 _cDEPO1 _dOlim: N-7804 _hDonación: Editorial |
|
| 942 | _2udc | ||
| 999 |
_c56115 _d56115 |
||